Actors who worked with the Wachowski Siblings - Statistics

General Stats
  • This quiz has been taken 51 times
  • The average score is 16 of 58
Answer Stats
Films Answer % Correct
The Matrix, The Matrix Reloaded, The Matrix Revolutions, The Matrix Resurrections Keanu Reeves
100%
The Matrix, The Matrix Reloaded, The Matrix Revolutions Laurence Fishburne
97%
The Matrix, The Matrix Reloaded, The Matrix Revolutions, Cloud Atlas Hugo Weaving
80%
The Matrix, The Matrix Reloaded, The Matrix Revolutions, The Matrix Resurrections Carrie-Ann Moss
73%
Jupiter Ascending Channing Tatum
70%
Jupiter Ascending Mila Kunis
67%
Cloud Atlas Tom Hanks
67%
Cloud Atlas Halle Berry
60%
The Matrix Reloaded, The Matrix Revolutions, The Matrix Resurrections Jada Pinkett Smith
57%
Jupiter Ascending Eddie Redmayne
47%
Jupiter Ascending Sean Bean
47%
Cloud Atlas, Speed Racer Susan Sarandon
47%
The Matrix Resurrections, Speed Racer Christina Ricci
43%
Cloud Atlas Hugh Grant
43%
Cloud Atlas Ben Whishaw
40%
The Matrix Resurrections Neil Patrick Harris
40%
Speed Racer Emile Hirsch
37%
Bound Jennifer Tilly
37%
The Matrix, Bound Joe Pantoliano
37%
Bound Gina Gershon
33%
Speed Racer John Goodman
33%
Cloud Atlas Jim Broadbent
30%
The Matrix Reloaded, The Matrix Revolutions Monica Bellucci
30%
Cloud Atlas Bae Doona
27%
Speed Racer Matthew Fox
27%
The Matrix Resurrections Yahya Abdul-Mateen II
27%
The Matrix Resurrections Jessica Henwick
23%
Cloud Atlas Jim Sturgess
23%
The Matrix Resurrections Jonathan Groff
23%
The Matrix Reloaded, The Matrix Revolutions Harold Perrineau
20%
Cloud Atlas, Jupiter Ascending James D'Arcy
20%
The Matrix Reloaded, The Matrix Revolutions, The Matrix Resurrections Lambert Wilson
20%
The Matrix Marcus Chong
20%
The Matrix, The Matrix Reloaded Gloria Foster
17%
Cloud Atlas Keith David
17%
The Matrix Resurrections Priyanka Chopra
17%
Cloud Atlas David Gyasi
13%
Jupiter Ascending Douglas Booth
13%
The Matrix Reloaded Randall Duk Kim
13%
The Matrix Reloaded, The Matrix Revolutions Harry Lennix
10%
Speed Racer Hiroyuki Sanada
10%
The Matrix Revolutions Mary Alice
10%
Jupiter Ascending Vanessa Kirby
10%
The Matrix Anthony Ray Parker
7%
Bound Christopher Meloni
7%
Jupiter Ascending Edward Hogg
7%
The Matrix Robert Taylor
7%
Speed Racer Ariel Winter
3%
The Matrix Belinda McClory
3%
Speed Racer Benno Fürmann
3%
The Matrix Revolutions Collin Chou
3%
Jupiter Ascending Gugu Mbatha-Raw
3%
Bound John P. Ryan
3%
The Matrix Matt Doran
3%
The Matrix Reloaded, The Matrix Revolutions Nona Gaye
3%
The Matrix Paul Goddard
3%
Cloud Atlas Zhou Xun
3%
Speed Racer Moritz Bleibtreu
0%
No matching quizzes found
Score Distribution
Percent of People with Each Score
Percentile by Number Answered
Your Score History
You have not taken this quiz